000 00637nam a2200205Ia 4500
005 20250326144127.0
008 250326s9999 xx 000 0 und d
020 _a978-0-316-02799-1
037 _aTextbook
040 _aFMSL
_beng
_cFMSL
041 _aeng
_2eng
084 _aO1113 PO8
_qFMSL
100 _aBouquet Tim
_9426734
245 0 _aCold Steel:Lakshmi mittal and the multi-billon- dollar battle for a global empire
_cBouquet Tim; Ousey Byron
260 _aUnited Kingdom
_bUnited Kingdom, Little Brown
_c2008
300 _axi,,340
365 _b650
942 _cTB
_hO1113 PO8
999 _c1302468
_d1302468